đŸŽ¶ Paroles "Tomber" IzĂŻa - Statistiques

Statistiques générales
  • Ce quiz a Ă©tĂ© pris 7 fois
  • Le rĂ©sultat moyen est 83 sur 200
Statistiques - réponses
Mots % Correct
t'
83%
tombé,
83%
tombé
83%
Tomber
83%
tomber
83%
a
67%
des
67%
es
67%
est
67%
Je
67%
je
67%
m'
67%
moi
67%
moi,
67%
on
67%
On
67%
s'
67%
ton
67%
tout
67%
ai
50%
as
50%
bas
50%
bras,
50%
bras
50%
comme
50%
dans
50%
Dans
50%
du
50%
en
50%
et
50%
fait
50%
l'
50%
me
50%
mes
50%
su
50%
suis
50%
tes
50%
toi,
50%
toi
50%
tu
50%
Tu
50%
bien,
33%
bien
33%
heures
33%
jamais
33%
le
33%
les
33%
mal
33%
ne
33%
Par
33%
passer
33%
peu
33%
plus
33%
Si
33%
tous
33%
un
33%
veux
33%
contre
17%
deux
17%
mĂȘme
17%
pendant
17%
peur
17%
peux
17%
poings
17%
rester
17%
sans
17%
serrés
17%
sombré
17%
sombrer
17%
Sombrer
17%
vouloir
17%
y
17%
aimée
0%
avoir
0%
Bébé
0%
brisée
0%
brûlée
0%
croire
0%
dernier
0%
étages
0%
jeu,
0%
jeu
0%
reconnu
0%
regarde
0%
Regarder
0%
sortir
0%
souffle
0%
Traversant
0%
vide
0%
voix
0%
vue
0%
Aucun quiz correspondant
Distribution des résultats
% des personnes avec chaque résultat
Percentile par nombre de réponses
Votre historique - résultats
Vous n’avez pas pris ce quiz